MDQL
is popping MORE tags! Check the
thread
!
Quizzes
Events
Quiz Creation
Community
Videos
Private Events
Remove Ads
Sign In
Join for FREE
Feedback
Dark Mode
Quiz Categories
Sports
Geography
Music
Movies
Television
Just For Fun
Miscellaneous
History
Literature
Language
Science
Gaming
Entertainment
Religion
Holiday
For Kids
Quiz Lab
Recent
Popular Today
Quiz Kudos Today
Editor Picks
Curator Picks
Quizzes by...
Day
Popularity
Type
Ratings
Length
Year
Community
Subscriptions
Recent Discussions
Orange Saloon
Badges
Playlists
Quests
Create
Leaderboards
Showdown
Live 5
Trivia Bingo
Activity
Puzzle Library
Sporcle Events
Private Events
Virtual Trivia
Globe League
Become a Host
Pub Owners
SporcleCon
Opinionation
Our Games
Videos
Blog
Mobile Apps
Partnerships
Remove Ads and Go Orange
Feedback
Sports
Athletes
MLB
NBA
NHL
NFL
Soccer
Sports Teams
WWE
NCAA
Football
Premier League
Basketball
Baseball
Hockey
Golf
Tennis
Cricket
Rugby
Auto Racing
Olympics
World Cup
Sports
Athletes
MLB
NBA
NHL
NFL
Soccer
Sports Teams
WWE
NCAA
Football
Premier League
Basketball
Baseball
Hockey
Golf
Tennis
Cricket
Rugby
Auto Racing
Olympics
World Cup
Random Quiz
Search Sporcle
×
Quiz Lab
Quiz Lab
Sports
pfa
Type in answers that appear in a list
Type in answers that appear in a list
Classic
Best Score? Go Orange.
PFA Young Player of the Year Stats
Can you name the PFA Player's Young Player of the Year?
By
Grizz
8m
36 Questions
242 Plays
242 Plays
242 Plays
Comments
Comments
Give Quiz Kudos
Give Quiz Kudos
-
- Ratings
hide this ad
Replay
Link that replays current quiz
Next Quiz
Link to next quiz in quiz playlist
You Got
0%
They Got
Avg Score
51%
Avg Friend Score
Upgrade to see
Score Distribution
Jump to the score distribution portion of the page
Score
0/36
Timer
08:00
0
Plays Today
Year
Player
% Correct
2004-
05
Wayne Rooney
95.9%
2005-
06
Wayne Rooney
95.9%
2006-
07
Cristiano Ronaldo
95.4%
1997-
98
Michael Owen
92.1%
2007-
08
Cesc Fabregas
91.7%
1991-
92
Ryan Giggs
85.9%
1992-
93
Ryan Giggs
85.9%
2000-
01
Steven Gerrard
83%
2008-
09
Ashley Young
83%
1994-
95
Robbie Fowler
80.1%
1995-
96
Robbie Fowler
80.1%
1996-
97
David Beckham
78.8%
2003-
04
Scott Parker
74.7%
1993-
94
Andy Cole
72.6%
1999-
00
Harry Kewell
63.1%
1998-
99
Nicholas Anelka
55.2%
1986-
87
Tony Adams
48.5%
1990-
91
Lee Sharpe
45.2%
Year
Player
% Correct
1982-
83
Ian Rush
43.2%
1984-
85
Mark Hughes
41.5%
2002-
03
Jermaine Jenas
39.8%
1987-
88
Paul Gascoigne
38.2%
2001-
02
Craig Bellamy
36.9%
1976-
77
Andy Gray
34%
1988-
89
Paul Merson
32.4%
1979-
80
Glenn Hoddle
29%
1978-
79
Cyrille Regis
23.7%
1985-
86
Tony Cottee
22.8%
1975-
76
Peter Barnes
22.4%
1980-
81
Gary Shaw
17.4%
1973-
74
Kevin Beattie
17%
1983-
84
Paul Walsh
11.2%
1989-
90
Matthew Le Tissier
10.4%
1977-
78
Tony Woodcock
10%
1981-
82
Steve Moran
9.5%
1974-
75
Mervyn Day
8.7%
Quiz Playlist
Details
Report
Send in Message
Add To Playlist
Classic:
Type in answers that appear in a list
Last Updated: Feb 16, 2017
Quiz Scoreboard
CHALLENGE
Sign Up to Join the Scoreboard
Show All
Scores
Hide
Comments
May contain spoilers
Recently Published
5x2 Blitz: Bands
by SL_Kpop136
Music
30s
Colored Red Africa Blitz
by spor1
Geography
30s
Find the 'City' Movie
by crazypaving
Movies
60s
More to Explore
Quiz From the Vault
Featured Blog Post
14 Easter Pick-up Lines to Find Eggs With
hide this ad
You Might Also Like...
Tags
club
pfa
PFA Players
Player
Young
Today's Top Quizzes in Sports
Browse Sports
hide this ad
Today's Top Quizzes in pfa
Browse pfa
Top Contributed Quizzes in Sports
1
Players with Multiple 50 Home Run Seasons
2
Criteria MLB: Left Handed Sluggers
3
MLB Players with Two .350 Batting Average Seasons
4
Who Hit More Homers?
5
Premier League Clubs since 2000 (minefield)
6
Who Needs Fielders?
7
2020 F1 Drivers Logic Puzzle
8
Les entraîneurs de l'OM et du PSG au 21e siècle
9
Top 10 NHL Goal Scorers of All Time
10
MLB Hall of Famer by Rings
Explore More
Trending Topics
Kpop
Harry Potter
Marvel
Crossword
Anime
NBA
Disney
The Office
WWE
Pokémon
Soccer
Song
Puzzle
Country
NFL
hide this ad
More By:
Grizz
Quiz
Plays
Rating
Category
Featured
Created
PFA Young Player of the Year
242
5.00
Sports
Sep 29, 2009
Go to Creator's Profile
Score Distribution
Quiz Creator Spotlight
Grizz
Follow
Send a Message
Quizzes Created
-
Created Quiz Play Count
-
More By This Creator
Popular Quizzes Today
1
Find the 'City' Movie
2
Colored Red Africa Blitz
3
Find the US States - No Outlines Minefield
4
5x2 Blitz: Bands
5
The Countries of the World
6
Find the US States
7
US States
8
9x9 Crossword: Cartoon Network
More Sports Quizzes
Olympic Boycott Countries (1980 & 1984)
Published
Trending Quizzes
Colored Red Europe Blitz I
Colored Red Africa Blitz II
Colored Red Europe Blitz II
Colored Red Europe Blitz III
Colored Red Africa Blitz III
Recently Updated
Famous TV Couples
Peacemaker
Champions League XIs: Real Madrid
pecheneg
Largest US Cities 1790-2010
pecheneg
Rides in Walt Disney World
pecheneg
Most Oscar Losses (Acting)
pecheneg
Beyoncé Albums
pecheneg
Leaping Animals
pecheneg
Reality TV Shows (A-Z)
bhenderson79
Rickey Henderson's Hall of Fame Teammates
pecheneg
Champions League XIs: Arsenal
pecheneg
Trending Topics
Kpop
Crossword
Harry Potter
Anime
Marvel
Disney
NBA
WWE
The Office
Country
Pokémon
NFL
Puzzle
Song
Soccer
Your Account Isn't Verified!
In order to create a playlist on Sporcle, you need to verify the email address you used during registration. Go to your
Sporcle Settings
to finish the process.
Report this User
Report this user for behavior that violates our
Community Guidelines
.
Details:
Send Report
Go to the Sporcle.com Mobile Site →
Comments